000 00209 a2200097 4500
001 29788
100 _aAMC
245 _aEngg Disingn Balastic Series Aerodynamic
260 _a
_bAMC
_c
090 _c19805
_d19805
942 _aNUST-CAE
_cM
_c10897
999 _c264861
_d264861